00658nacaa22001457u 450000500170000000800440001704100080006111001000006924501460016924600240031526000090033930000270034850001190037565000180049420260405041525.0260405s1936 ii ||ggg|||ooo| 0 eeengdd d heng aGovernment of Bengal,bDepartment: Appointment,cBranch: Reforms,dList No. 117,eB-Proceedings aEnquiry by the A.G. Bengal about the appointment of Mr. W. Mcc. Sharpe, I.C.S. district Judge Dacca as Additional District Judge Jalpaiguri.  aFile No. 5C-128/36 c1936 a6 P.cH-35 cm; W-22 cm aসচিবালয় রেকর্ডরুম সংগ্রহ (প্রথম পর্যায়)  aJudge 2Dacca